Whose forest is it ? / (Record no. 9884)

MARC details
000 -LEADER
fixed length control field 00949nam a22003017a 4500
001 - CONTROL NUMBER
control field 9884
003 - CONTROL NUMBER IDENTIFIER
control field FISKH
005 - DATE AND TIME OF LATEST TRANSACTION
control field 20260311161834.0
008 - FIXED-LENGTH DATA ELEMENTS--GENERAL INFORMATION
fixed length control field 260311b cb ||||| |||| 00| 0 eng d
020 ## - INTERNATIONAL STANDARD BOOK NUMBER
International Standard Book Number 9780916119294
040 ## - CATALOGING SOURCE
Original cataloging agency FISKH
Language of cataloging eng
Transcribing agency FISKH
Modifying agency FISKH
050 ## - LIBRARY OF CONGRESS CALL NUMBER
Classification number PZ10 .W668
082 ## - DEWEY DECIMAL CLASSIFICATION NUMBER
Classification number 563
100 ## - MAIN ENTRY--PERSONAL NAME
Personal name Williams , Rozanne Lanczak
245 ## - TITLE STATEMENT
Title Whose forest is it ? /
Statement of responsibility, etc. Written by Rozanne Lanczak Williams : Illustrated by Rick Grayson
260 ## - PUBLICATION, DISTRIBUTION, ETC.
Place of publication, distribution, etc. California :
Name of publisher, distributor, etc. Creative Teaching Press , Inc ,
Date of publication, distribution, etc. 1994.
300 ## - PHYSICAL DESCRIPTION
Extent 8 pages :
Other physical details color illustrations ;
Dimensions 16 X 23 cm .
490 ## - SERIES STATEMENT
Series statement Learn to read
505 ## - FORMATTED CONTENTS NOTE
Formatted contents note C <br/>
520 ## - SUMMARY, ETC.
Summary, etc. Describes who lives in the forest and how we need to conserve it.
521 8# - TARGET AUDIENCE NOTE
Target audience note 120 <br/>
Source Lexile BR <br/>
521 8# - TARGET AUDIENCE NOTE
Target audience note C <br/>
Source Raz-Plus <br/>
650 ## - SUBJECT ADDED ENTRY--TOPICAL TERM
Topical term or geographic name entry element Habitats
Form subdivision Non-fiction
650 ## - SUBJECT ADDED ENTRY--TOPICAL TERM
Topical term or geographic name entry element Animals
Form subdivision Non-fiction
700 ## - ADDED ENTRY--PERSONAL NAME
Personal name Grayson , Rick
Relator term Illustrator
942 ## - ADDED ENTRY ELEMENTS (KOHA)
Source of classification or shelving scheme Dewey Decimal Classification
Koha item type Books
Suppress in OPAC No
Holdings
Withdrawn status Lost status Source of classification or shelving scheme Damaged status Not for loan Collection Home library Current library Shelving location Date acquired Total Checkouts Full call number Barcode Date last seen Price effective from Koha item type
    Dewey Decimal Classification     Non-Fiction Footprints International School Library Network Toul Tom Poung Campus Footprints International School Library Network Toul Tom Poung Campus TTP Primary Green Bookshelves 03/11/2026   WIL 563 PZ10 .W668 FISTK01829 03/11/2026 03/11/2026 Books